header

Romance languages and linguistic theory 2002 (Record no. 49507)

MARC details
000 -LEADER
fixed length control field 01583nam a2200325Ia 4500
245 00 - TITLE STATEMENT
Title Romance languages and linguistic theory 2002
260 ## - PUBLICATION, DISTRIBUTION, ETC. (IMPRINT)
Place of publication Amsterdam ;
-- Philadelphia, PA :
Name of publisher John Benjamins,
Year of publication c2004.
300 ## - PHYSICAL DESCRIPTION
Number of Pages viii, 273 p.
490 1# - SERIES STATEMENT
Series statement Amsterdam studies in the theory and history of linguistic science. Series IV, Current issues in linguistic theory,
650 #0 - SUBJECT ADDED ENTRY--TOPICAL TERM
Topical Term Romance languages
Topical Term Linguistics
700 1# - ADDED ENTRY--PERSONAL NAME
Personal name Bok-Bennema, Reineke,
856 40 - ELECTRONIC LOCATION AND ACCESS
Uniform Resource Identifier http://site.ebrary.com/lib/rucke/Doc?id=10067165

No items available.

© 2026 Rongo University
Contact us: librarian | system librarian | Rongo university